Protecting nature regional reviews of protected areas (Registro nro. 711)

Detalles MARC
000 -CABECERA
Campo de control 00911nam a2200277 a 4500
005 - FECHA Y HORA DE LA ULTIMA TRANSACCION
Campo de control 20200104041514.0
008 - ELEMENTOS DE LONGITUD FIJA—INFORMACION GENERAL
Campo de control 140221b1994 -Ukad gr|||| 00| 0 eng d
020 ## - ISBN
ISBN 2831701198
040 ## - FUENTE DE CATALOGACIÓN
Agencia catalogadora original CO-BoIAVH
Agencia transcriptora CO-BoIAVH
041 ## - IDIOMA
Código de idioma para texto/pista de sonido o título separado Inglés
044 ## - PAÍS DE PUBLICACIÓN
País de publicación
082 #4 - NUMERO DE CLASIFICACION DECIMAL DEWEY
Número de clasificación 344.046
Número del ítem M16p
110 ## - ASIENTO PRINCIPAL--NOMBRE CORPORATIVO
Unidad subordinad Unión Internacional para la Conservación de la Naturaleza y los Recursos Naturales
100 1# - ASIENTO PRINCIPAL--NOMBRE PERSONAL
Nombre personal McNeely, Jeffrey A.
245 1# - MENCION DE TITULO
Título Protecting nature regional reviews of protected areas
260 ## - PUBLICACION, DISTRIBUCION, ETC. (PIE DE IMPRENTA)
Lugar de publicación, distribución, etc. Cambridge
Nombre del editor, distribuidor, etc. IUCN
Fecha de publicación, distribución, etc. 1994
300 ## - DESCRIPCION FISICA
Extensión 402 pagina.
Otros detalles físicos ilustraciones, graficos;
Dimensiones 30 x 21 cm
650 #4 - ASIENTO SECUNDARIO DE MATERIA - TERMINO TEMATICO
Término temático o nombre geográfico como elemento de entrada Areas protegidas
650 #4 - ASIENTO SECUNDARIO DE MATERIA - TERMINO TEMATICO
Término temático o nombre geográfico como elemento de entrada Parques nacionales naturales
650 #4 - ASIENTO SECUNDARIO DE MATERIA - TERMINO TEMATICO
Término temático o nombre geográfico como elemento de entrada Ecosistemas marinos
650 #4 - ASIENTO SECUNDARIO DE MATERIA - TERMINO TEMATICO
Término temático o nombre geográfico como elemento de entrada Ecosistemas costeros
650 #4 - ASIENTO SECUNDARIO DE MATERIA - TERMINO TEMATICO
Término temático o nombre geográfico como elemento de entrada Ecosistemas terrestres
700 1# - ASIENTO SECUNDARIO - NOMBRE PERSONAL
Nombre personal Harrison, J.
700 1# - ASIENTO SECUNDARIO - NOMBRE PERSONAL
Nombre personal Dingwall, P.
942 ## - ELEMENTOS ADICIONALES (KOHA)
Tipo de ítem Libro
Sistema de clasificación Dewey Decimal Classification
Koha issues (borrowed), all copies 1
Existencias
Withdrawn status Lost status Sistema de Clasificación Damaged status No para préstamo Colección Inventariado Ubicación Permanente Ubicación actual Fecha de adquisición Fuente de Valor Valor Total Checkouts Número topográfico Inventario / Código de Barras Date last seen Date checked out Ejemplar Price effective from Forma de adquisición Tipo de material
    Dewey Decimal Classification     General Inventariado 2017 Bogotá Bogotá 07/09/1998 Instituto 39000.00 1 LB-344.046 M16p 001004 06/02/2017 06/02/2017 Ej. 1 04/12/2012   Libro